00642 a2200217 4500260000800000110006500008100002500073440001000098260001600108245006700124300001300191650001600204650001400220650001400234260000900248130000800257440006400265710006500329651001200394020001800406 aUSA aWinrock International Institute for Agricultural Development aOHIORHENUAN, Lily A. nN° 2 bCarol Olson aNutritional considerations in agricultural research in Nigeria aVII-23p. aAGRICULTURE aRECHERCHE aNUTRITION c1989 lEn. aAfrican Rural Social Science Series : research report n° 2 aWinrock International Institute for Agricultural Development aNIGERIA a0-933595-25-5